Prisons past and future
| Contributors: | |
|---|---|
| Format: | Print Book |
| Language: | English |
| Published: |
London
Heinemann
1978
|
| In: |
Cambridge studies in criminology (41)
Year: 1978 |
| Availability in Tübingen: | Present in Tübingen. IFK: S XVII 41 UB: KB 8 A 584 |
| Availability in Albert-Krebs Library: | NA.40.009 1997-1328 |
| Check availability: | HBZ Gateway |
| Subito Delivery Service: | Order now. |
| Keywords: |
MARC
| LEADER | 00000cam a2200000 c 4500 | ||
|---|---|---|---|
| 001 | 227802454 | ||
| 003 | DE-627 | ||
| 005 | 20251222205818.0 | ||
| 007 | tu | ||
| 008 | 850101s1978 xxk||||| 00| ||eng c | ||
| 016 | 7 | |a 0435823086 |2 UK | |
| 020 | |a 0435823086 |9 0-435-82308-6 | ||
| 035 | |a (DE-627)227802454 | ||
| 035 | |a (DE-576)005942845 | ||
| 035 | |a (DE-599)GBV227802454 | ||
| 035 | |a (OCoLC)833081512 | ||
| 035 | |a (OCoLC)251331471 | ||
| 035 | |a (OCoLC)04225465 | ||
| 035 | |a (DE-604)8033078319 | ||
| 040 | |a DE-627 |b ger |c DE-627 |e rakwb | ||
| 041 | |a eng | ||
| 044 | |c XA-GB | ||
| 050 | 0 | |a HV9443 | |
| 082 | 0 | |a 365/.9181/2 | |
| 082 | 0 | |a 365.91812 | |
| 084 | |a 2,1 |2 ssgn | ||
| 084 | |a MS 6380 |2 rvk |0 (DE-625)rvk/123753: | ||
| 084 | |a MS 6850 |2 rvk |0 (DE-625)rvk/123769: | ||
| 245 | 0 | 0 | |a Prisons past and future |c [Hrsg.] John C. Freeman |
| 264 | 1 | |a London |b Heinemann |c 1978 | |
| 300 | |a XII, 239 S. | ||
| 336 | |a Text |b txt |2 rdacontent | ||
| 337 | |a ohne Hilfsmittel zu benutzen |b n |2 rdamedia | ||
| 338 | |a Band |b nc |2 rdacarrier | ||
| 490 | 1 | |a Cambridge studies in criminology |v 41 | |
| 490 | 0 | |a The Heinemann-library of criminology and penal reform | |
| 583 | 1 | |a Archivierung/Langzeitarchivierung gewährleistet |f SSG |x XA-DE-BW |2 pdager |5 DE-21 | |
| 583 | 1 | |a Archivierung prüfen |c 20240324 |f DE-4165 |z 1 |2 pdager | |
| 583 | 1 | |a Archivierung/Langzeitarchivierung gewährleistet |c 20240722 |f NI-LastCopies |x XA-DE-NI |z Potenzieller Alleinbesitz Niedersachsen |2 pdager |5 DE-89 | |
| 650 | 4 | |a Prisons |x Congresses | |
| 650 | 4 | |a Corrections |x Congresses | |
| 650 | 4 | |a Strafvollzug |x Kongreß |x Canterbury <1978> |7 (dpeaa)DE-2619 | |
| 650 | 4 | |a Strafvollzug |x Geschichte |7 (dpeaa)DE-2619 | |
| 650 | 4 | |a Howard, John <1726 - 1790> |7 (dpeaa)DE-2619 | |
| 655 | 7 | |a Konferenzschrift |0 (DE-588)1071861417 |0 (DE-627)826484824 |0 (DE-576)433375485 |2 gnd-content | |
| 689 | 0 | 0 | |d s |0 (DE-588)4073137-6 |0 (DE-627)106093193 |0 (DE-576)209189517 |a Justizvollzugsanstalt |2 gnd |
| 689 | 0 | |5 (DE-627) | |
| 700 | 1 | |a Freeman, John C. |e Hrsg. |0 (DE-588)115886454X |0 (DE-627)1021092924 |0 (DE-576)504489879 |4 edt | |
| 830 | 0 | |a Cambridge studies in criminology |v 41 |9 41 |w (DE-627)13001284X |w (DE-576)015557472 |w (DE-600)419149-3 |7 am | |
| 889 | |w (DE-627)225507412 | ||
| 935 | |a mkri | ||
| 935 | |i mdedup | ||
| 935 | |i Blocktest | ||
| 936 | r | v | |a MS 6380 |b Kriminalität, Gefängnis, Erziehungsheim |k Soziologie |k Spezielle Soziologien |k Soziale Probleme |k Kriminalität, Gefängnis, Erziehungsheim |0 (DE-627)1271441438 |0 (DE-625)rvk/123753: |0 (DE-576)201441438 |
| 936 | r | v | |a MS 6850 |b Gericht, Richter, Rechtsprechung, Polizei |k Soziologie |k Spezielle Soziologien |k Rechtssoziologie |k Gericht, Richter, Rechtsprechung, Polizei |0 (DE-627)1271441527 |0 (DE-625)rvk/123769: |0 (DE-576)201441527 |
| 951 | |a BO | ||
| ELC | |b 1 | ||
| LOK | |0 000 xxxxxcx a22 zn 4500 | ||
| LOK | |0 001 3116010862 | ||
| LOK | |0 003 DE-627 | ||
| LOK | |0 004 227802454 | ||
| LOK | |0 005 20020606000000 | ||
| LOK | |0 008 910425||||||||||||||||ger||||||| | ||
| LOK | |0 040 |a DE-21 |c DE-627 |d DE-21 | ||
| LOK | |0 852 |a DE-21 | ||
| LOK | |0 852 1 |c KB 8 A 584 |9 00 | ||
| LOK | |0 935 |a krim | ||
| LOK | |0 936ln |a k12.2 | ||
| LOK | |0 939 |a 25-04-91 |b l01 | ||
| LOK | |0 000 xxxxxcx a22 zn 4500 | ||
| LOK | |0 001 3116010935 | ||
| LOK | |0 003 DE-627 | ||
| LOK | |0 004 227802454 | ||
| LOK | |0 005 20020607000000 | ||
| LOK | |0 008 940427||||||||||||||||ger||||||| | ||
| LOK | |0 040 |a DE-21-110 |c DE-627 |d DE-21-110 | ||
| LOK | |0 852 |a DE-21-110 | ||
| LOK | |0 852 1 |c S XVII 41 |m p |9 00 | ||
| LOK | |0 935 |a k110 | ||
| LOK | |0 936ln |a 12.1 | ||
| LOK | |0 938 |k p | ||
| LOK | |0 939 |a 27-04-94 |b l01 | ||
| LOK | |0 000 xxxxxcx a22 zn 4500 | ||
| LOK | |0 001 3116011311 | ||
| LOK | |0 003 DE-627 | ||
| LOK | |0 004 227802454 | ||
| LOK | |0 005 20190312174242 | ||
| LOK | |0 008 190312||||||||||||||||ger||||||| | ||
| LOK | |0 040 |a DE-Frei85 |c DE-627 |d DE-Frei85 | ||
| LOK | |0 852 |a DE-Frei85 | ||
| LOK | |0 852 1 |m p |9 00 | ||
| LOK | |0 938 |k p | ||
| LOK | |0 939 |a 12-03-19 |b l01 | ||
| LOK | |0 000 xxxxxcx a22 zn 4500 | ||
| LOK | |0 001 4196253970 | ||
| LOK | |0 003 DE-627 | ||
| LOK | |0 004 227802454 | ||
| LOK | |0 005 20221011150500 | ||
| LOK | |0 008 221011||||||||||||||||ger||||||| | ||
| LOK | |0 035 |a (DE-2619)k02439 | ||
| LOK | |0 040 |a DE-2619 |c DE-627 |d DE-2619 | ||
| LOK | |0 092 |o n | ||
| LOK | |0 541 |e Bestand Albert-Krebs-Bibliothek: 1997-1328 | ||
| LOK | |0 852 |a DE-2619 | ||
| LOK | |0 852 1 |c NA.40.009 |m p |9 00 | ||
| LOK | |0 935 |a kreb | ||
| LOK | |0 938 |k p | ||
| LOK | |0 939 |a 11-10-22 |b l01 | ||
| ORI | |a SA-MARC-krimdoka001.raw | ||
| SIG | |a IFK: S XVII 41 | ||
| SIG | |a UB: KB 8 A 584 | ||
